Big Bang Theory Actors + Characters Full names - Statistics

General Stats
  • This quiz has been taken 82 times
  • The average score is 8 of 14
Answer Stats
Answer % Correct
Sheldon Cooper
93%
Jim Parsons
81%
Penny
79%
Howard Wolowitz
70%
Amy Farrah-Fowler
63%
Kaley Cuoco
55%
Leonard Hofstadter
55%
Rajesh Koothrappali
53%
Bernadette Rostenkowski
51%
Johnny Galecki
48%
Simon Helberg
41%
Mayim Bialik
38%
Kunal Nayyar
33%
Melissa Rauch
29%
No matching quizzes found
Score Distribution
Percent of People with Each Score
Percentile by Number Answered
Your Score History
You have not taken this quiz